| 000 | 00767nam a22002417a 4500 | ||
|---|---|---|---|
| 003 | 0 | ||
| 005 | 20250506120124.0 | ||
| 008 | 250506b xxu||||| |||| 00| 0 eng d | ||
| 020 | _a9786214270644 | ||
| 050 |
_aHF 5549 _b.P434 2020 |
||
| 100 | _aPereda, Pedrito | ||
| 245 |
_aHuman resource management _cPedrito R. Pereda and three others |
||
| 250 | _aSecond edition | ||
| 260 |
_aManila _bUnlimited Books Library Services & Publishing Inc. _c2020 |
||
| 300 |
_axiv, 288 pages ; _c26cm. |
||
| 504 | _aIncludes bibliographical references. | ||
| 650 | _aHuman resource management. | ||
| 650 | _aHuman resource management--Philippines. | ||
| 700 | _aPereda, Purisima. | ||
| 700 | _aFerrer, Marissa | ||
| 700 | _aArcega, Raymundo. | ||
| 942 |
_2lcc _cBK |
||
| 999 |
_c367445 _d367445 |
||